Decision-making : (Record no. 10995)

000 -LEADER
fixed length control field 00925cam a2200253 a 4500
001 - CONTROL NUMBER
control field 4360711
005 - DATE AND TIME OF LATEST TRANSACTION
control field 20160114092951.0
008 - FIXED-LENGTH DATA ELEMENTS--GENERAL INFORMATION
fixed length control field 900925s1991 mdua b 001 0 eng
010 ## - LIBRARY OF CONGRESS CONTROL NUMBER
LC control number 90019313
020 ## - INTERNATIONAL STANDARD BOOK NUMBER
International Standard Book Number 0847676196 (alk. paper)
040 ## - CATALOGING SOURCE
Original cataloging agency DLC
Transcribing agency DLC
Modifying agency DLC
050 00 - LIBRARY OF CONGRESS CALL NUMBER
Classification number BF448
Item number .M84 1990
082 00 - DEWEY DECIMAL CLASSIFICATION NUMBER
Classification number 153.8/3
Edition number 20
100 1# - MAIN ENTRY--PERSONAL NAME
Personal name Mullen, John Douglas.
245 10 - TITLE STATEMENT
Title Decision-making :
Remainder of title its logic and practice /
Statement of responsibility, etc. John D. Mullen and Byron M. Roth.
260 ## - PUBLICATION, DISTRIBUTION, ETC. (IMPRINT)
Place of publication, distribution, etc. Savage, Md. :
Name of publisher, distributor, etc. Rowman & Littlefield,
Date of publication, distribution, etc. c1991.
300 ## - PHYSICAL DESCRIPTION
Extent xiii, 419 p. :
Other physical details ill. ;
Dimensions 24 cm.
504 ## - BIBLIOGRAPHY, ETC. NOTE
Bibliography, etc Includes bibliographical references (p. 405-411) and index.
650 #0 - SUBJECT ADDED ENTRY--TOPICAL TERM
Topical term or geographic name as entry element Decision making.
700 1# - ADDED ENTRY--PERSONAL NAME
Personal name Roth, Byron M.
Fuller form of name (Byron Mitchell)
906 ## - LOCAL DATA ELEMENT F, LDF (RLIN)
a 7
b cbc
c orignew
d 1
e ocip
f 19
g y-gencatlg
942 ## - ADDED ENTRY ELEMENTS (KOHA)
Source of classification or shelving scheme
Koha item type Short Loan Books
Holdings
Withdrawn status Lost status Source of classification or shelving scheme Damaged status Not for loan Home library Current library Shelving location Date acquired Source of acquisition Total Checkouts Full call number Barcode Date last seen Price effective from Koha item type
          MACHAKOS UNIVERSITY LIBRARY MACHAKOS UNIVERSITY LIBRARY Special Collection 14/01/2016 donation from University of Miami   BF 448 .M84 1991 20473 14/01/2016 14/01/2016 Special Collection
© Machakos University Library, Along The Highway, Machakos Wote Rd, Machakos, Kenya P.O. Box 136 - 90100 Machakos - Kenya

Tel: ( +254 ) 723 805829 OR Fax : 044-20353 OR Email: library@mksu.ac.ke